01042nam a2200205 i 4500040000800000082002600008110001900034245025200053300005700305490001400362500005400376500010800430650002600538650003800564650001800602856003800620942001000658999001700668952015100685 cGPO a333 WHO 2017 A042 Or.1 aUnited States.10aAgriculture's role in combating global hunger : GLOBAL NUTRITION POLICY REVIEW 2016-2017bhearing before the Committee on Agriculture, Nutrition, and Forestry, United States Senate, One Hundred Fourteenth Congress, first session, December 2, 2015. a1 online resource (iii, 122 pages) :billustrations.1 aS. hrg. ; aTitle from title screen (viewed on May 20, 2016). aPaper version available for sale by the Superintendent of Documents, U.S. Government Publishing Office. 0aFood relief, American 0aAgricultural assistance, American 0aFood security40uhttp://purl.fdlp.gov/GPO/gpo68341 cAEDBB c21018d21018 0010406333_000000000000000_WHO_2017_A042_OR70992710aLBAbLBAcA042d2023-02-02o333 WHO 2017 A042 Or.pa071120r2023-02-02w2023-02-02yAEDBB